000 00674nas a2200229 4500
001 BR8902845
003 BR-BrBNA
005 20231205091608.0
007 ta
008 230509b bl.|||p| |||| 00| 00por d
040 _aBR-BrBNA
_bpor
_cBiblioteca Nacional de Agricultura
041 _a(Pt)
072 _aF70
100 1 _aBarreiros, H.S.
100 1 _aSilva, T.I.D.
245 1 _aNotas sobre Guarea macrophylla (Meliaceae)
650 _aMELIACEAE
650 _aTAXONOMIA VEGETAL
773 0 _tRevista Brasileira de Biologia (Brazil)
_xISSN 0034-7108
_g(May 1984), v. 44(2) p. 171-179
_wBR8902845
909 _a202311
_bLúcia
_c55
_dLúcia Elande
942 _2AGRIS
_n0
_cANA
999 _c126067
_d126067